[Event "DEM U18 2021"]
[Site "Willingen GER"]
[Date "2021.08.28"]
[Round "8"]
[White "Dahl, Christoph"]
[Black "Suvorov, Luca"]
[Result "1-0"]
[Termination "normal"]
[Board "2"]
[BlackTitle "FM"]
[WhiteElo "2284"]
[BlackElo "2292"]
[WhiteClock "00:34:48"]
[BlackClock "00:00:46"]
[PlyCount "77"]
[WhiteFideId "16240235"]
[BlackFideId "12977071"]
[EventCountry "GER"]
[EventRounds "9"]
[EventType "swiss"]
[EventDate "2021.08.22"]

1. e4 {[%clk 1:30:58]} e5 {[%clk 1:30:52]} 2. Nc3 {[%clk 1:31:07]} Nf6 {[%clk
1:30:25]} 3. Bc4 {[%clk 1:30:47]} Nc6 {[%clk 1:27:47]} 4. d3 {[%clk 1:30:00]}
Na5 {[%clk 1:25:22]} 5. Nge2 {[%clk 1:28:54]} a6 {[%clk 1:15:38]} 6. O-O {[%clk
1:25:38]} b5 {[%clk 0:58:23]} 7. Bb3 {[%clk 1:24:25]} Bb7 {[%clk 0:47:07]} 8.
f4 Nxb3 {[%clk 0:37:34]} 9. axb3 {[%clk 1:21:41]} Bc5+ 10. Kh1 {[%clk 1:21:16]}
Ng4 {[%clk 0:37:12]} 11. Qe1 {[%clk 1:21:00]} d6 {[%clk 0:36:16]} 12. Qg3
{[%clk 1:19:26]} h5 13. fxe5 {[%clk 1:19:26]} dxe5 {[%clk 0:35:20]} 14. Nd1 Qe7
{[%clk 0:32:06]} 15. Ne3 {[%clk 1:18:38]} O-O-O {[%clk 0:30:49]} 16. h3 {[%clk
1:03:09]} Kb8 {[%clk 0:24:48]} 17. hxg4 {[%clk 1:02:12]} hxg4+ {[%clk 0:24:00]}
18. Kg1 {[%clk 1:02:38]} g6 {[%clk 0:18:09]} 19. Bd2 {[%clk 0:51:27]} Rh5
{[%clk 0:13:19]} 20. b4 {[%clk 0:47:41]} Ba7 {[%clk 0:09:37]} 21. Bc3 {[%clk
0:47:39]} f5 {[%clk 0:06:42]} 22. exf5 {[%clk 0:47:48]} Qg5 {[%clk 0:03:45]}
23. Kf2 {[%clk 0:45:37]} Qxe3+ {[%clk 0:01:24]} 24. Qxe3 {[%clk 0:46:02]} Rxf5+
{[%clk 0:01:42]} 25. Kg3 {[%clk 0:45:29]} Bxe3 {[%clk 0:01:55]} 26. Rxf5 {[%clk
0:45:50]} gxf5 {[%clk 0:02:23]} 27. Bxe5 {[%clk 0:46:14]} Re8 {[%clk 0:01:43]}
28. d4 {[%clk 0:44:51]} Bxd4 {[%clk 0:01:01]} 29. Bxc7+ {[%clk 0:44:51]} Kxc7
{[%clk 0:01:21]} 30. Nxd4 {[%clk 0:45:17]} Re3+ {[%clk 0:00:59]} 31. Kh4 {[%clk
0:45:21]} Be4 {[%clk 0:00:36]} 32. Rxa6 {[%clk 0:45:26]} Bxg2 {[%clk 0:00:42]}
33. Nxf5 {[%clk 0:44:36]} Re2 {[%clk 0:00:36]} 34. Nd4 {[%clk 0:43:10]} Rd2
{[%clk 0:00:37]} 35. c3 {[%clk 0:41:55]} Rxb2 {[%clk 0:00:35]} 36. Nxb5+ {[%clk
0:42:15]} Kb7 {[%clk 0:00:46]} 37. Rd6 {[%clk 0:39:56]} Rb3 {[%clk 0:00:41]}
38. Rf6 {[%clk 0:34:27]} Bc6 {[%clk 0:00:46]} 39. Rxc6 {[%clk 0:34:48]} 1-0

[Event "DEM U18 2021"]
[Site "Willingen GER"]
[Date "2021.08.28"]
[Round "8"]
[White "Weishäutel, Moritz"]
[Black "Kölle, Tobias"]
[Result "1/2-1/2"]
[Termination "normal"]
[Board "3"]
[BlackTitle "FM"]
[WhiteElo "2270"]
[BlackElo "2312"]
[WhiteClock "01:29:21"]
[BlackClock "01:37:12"]
[PlyCount "42"]
[WhiteFideId "12967300"]
[BlackFideId "16207378"]
[EventCountry "GER"]
[EventRounds "9"]
[EventType "swiss"]
[EventDate "2021.08.22"]

1. e4 {[%clk 1:30:57]} c5 {[%clk 1:30:56]} 2. Nf3 {[%clk 1:31:22]} d6 {[%clk
1:31:22]} 3. d4 {[%clk 1:31:47]} cxd4 {[%clk 1:31:48]} 4. Nxd4 {[%clk 1:32:12]}
Nf6 {[%clk 1:32:13]} 5. Nc3 {[%clk 1:32:37]} a6 {[%clk 1:32:39]} 6. Bg5 {[%clk
1:33:01]} Nbd7 {[%clk 1:33:04]} 7. Qe2 {[%clk 1:33:22]} h6 {[%clk 1:33:26]} 8.
Bh4 {[%clk 1:33:47]} g6 {[%clk 1:33:49]} 9. f4 {[%clk 1:34:11]} e5 {[%clk
1:34:02]} 10. fxe5 {[%clk 1:34:34]} dxe5 {[%clk 1:34:26]} 11. O-O-O {[%clk
1:34:57]} Qc7 {[%clk 1:34:37]} 12. Nb3 {[%clk 1:35:20]} b5 {[%clk 1:35:02]} 13.
Rxd7 {[%clk 1:35:16]} Nxd7 {[%clk 1:35:26]} 14. Nd5 {[%clk 1:35:42]} Qb8 {[%clk
1:35:26]} 15. Bf6 {[%clk 1:34:24]} Nxf6 {[%clk 1:35:26]} 16. Nxf6+ {[%clk
1:34:49]} Ke7 {[%clk 1:35:51]} 17. Nd5+ {[%clk 1:35:05]} Ke8 {[%clk 1:36:16]}
18. Nf6+ {[%clk 1:33:50]} Ke7 {[%clk 1:36:05]} 19. Nd5+ {[%clk 1:34:01]} Ke8
{[%clk 1:36:26]} 20. Nf6+ {[%clk 1:29:18]} Ke7 {[%clk 1:36:48]} 21. Nd5+ {[%clk
1:29:21]} Ke8 {[%clk 1:37:12]} 1/2-1/2

[Event "DEM U18 2021"]
[Site "Willingen GER"]
[Date "2021.08.28"]
[Round "8"]
[White "Richter, Nils"]
[Black "Kolb, Tobias"]
[Result "1-0"]
[Termination "normal"]
[Board "4"]
[WhiteTitle "FM"]
[BlackTitle "FM"]
[WhiteElo "2292"]
[BlackElo "2307"]
[WhiteClock "00:21:06"]
[BlackClock "00:09:28"]
[PlyCount "49"]
[WhiteFideId "12990809"]
[BlackFideId "12992321"]
[EventCountry "GER"]
[EventRounds "9"]
[EventType "swiss"]
[EventDate "2021.08.22"]

1. c4 {[%clk 1:30:59]} e6 {[%clk 1:30:53]} 2. Nc3 {[%clk 1:31:06]} d5 {[%clk
1:29:48]} 3. e3 {[%clk 1:31:27]} Nf6 {[%clk 1:30:14]} 4. Nf3 {[%clk 1:31:42]}
Bd6 {[%clk 1:29:12]} 5. b3 {[%clk 1:30:16]} O-O {[%clk 1:29:13]} 6. Bb2 {[%clk
1:30:22]} Re8 {[%clk 1:29:32]} 7. Be2 {[%clk 1:28:48]} c6 {[%clk 1:16:40]} 8.
O-O {[%clk 1:28:43]} e5 {[%clk 1:16:01]} 9. cxd5 {[%clk 1:27:33]} Nxd5 {[%clk
1:16:12]} 10. d3 {[%clk 1:14:09]} f6 {[%clk 0:59:35]} 11. Rc1 {[%clk 1:05:22]}
Nxc3 {[%clk 0:57:57]} 12. Bxc3 {[%clk 1:05:15]} c5 {[%clk 0:49:23]} 13. Nd2
{[%clk 0:52:46]} Nc6 {[%clk 0:43:35]} 14. Bf3 {[%clk 0:51:31]} Bd7 {[%clk
0:42:57]} 15. Bd5+ {[%clk 0:45:59]} Kh8 {[%clk 0:43:12]} 16. Qh5 {[%clk
0:46:20]} Rf8 {[%clk 0:27:45]} 17. Nc4 {[%clk 0:41:07]} Be8 {[%clk 0:18:34]}
18. Qh3 {[%clk 0:40:09]} Bd7 {[%clk 0:15:59]} 19. g4 {[%clk 0:36:31]} Bc7
{[%clk 0:13:21]} 20. Be4 {[%clk 0:32:12]} f5 {[%clk 0:11:06]} 21. gxf5 {[%clk
0:32:32]} Qf6 {[%clk 0:11:33]} 22. f4 {[%clk 0:23:28]} Bxf5 {[%clk 0:12:00]}
23. Qg2 {[%clk 0:22:14]} Qh6 {[%clk 0:09:34]} 24. fxe5 {[%clk 0:20:41]} Qxe3+
{[%clk 0:09:28]} 25. Nxe3 {[%clk 0:21:06]} 1-0

[Event "DEM U18 2021"]
[Site "Willingen GER"]
[Date "2021.08.28"]
[Round "8"]
[White "Woelk, Tom-Frederic"]
[Black "Knüdel, Torben"]
[Result "1/2-1/2"]
[Termination "normal"]
[Board "5"]
[WhiteTitle "FM"]
[WhiteElo "2314"]
[BlackElo "2171"]
[WhiteClock "00:00:34"]
[BlackClock "00:04:30"]
[PlyCount "77"]
[WhiteFideId "12993077"]
[BlackFideId "16208820"]
[EventCountry "GER"]
[EventRounds "9"]
[EventType "swiss"]
[EventDate "2021.08.22"]

1. d4 {[%clk 1:30:58]} Nf6 {[%clk 1:30:32]} 2. c4 {[%clk 1:31:21]} e6 {[%clk
1:30:55]} 3. Nc3 {[%clk 1:31:37]} Bb4 {[%clk 1:31:20]} 4. f3 {[%clk 1:32:02]}
c5 {[%clk 1:29:49]} 5. d5 {[%clk 1:32:26]} O-O {[%clk 1:30:00]} 6. e4 {[%clk
1:32:28]} d6 {[%clk 1:29:51]} 7. Nge2 {[%clk 1:30:29]} a6 {[%clk 1:29:06]} 8.
Nf4 {[%clk 1:20:13]} exd5 {[%clk 1:23:53]} 9. cxd5 {[%clk 1:17:59]} b5 {[%clk
1:18:19]} 10. a4 {[%clk 1:13:58]} Ba5 {[%clk 1:15:54]} 11. Be2 {[%clk 1:02:35]}
c4 {[%clk 1:08:29]} 12. Be3 {[%clk 0:58:56]} Nbd7 {[%clk 1:05:01]} 13. axb5
{[%clk 0:43:05]} axb5 {[%clk 1:04:25]} 14. b4 {[%clk 0:33:59]} cxb3 {[%clk
0:50:46]} 15. O-O {[%clk 0:30:21]} b2 {[%clk 0:44:54]} 16. Ra2 {[%clk 0:30:46]}
Bb6 {[%clk 0:36:25]} 17. Bf2 {[%clk 0:25:26]} Rxa2 {[%clk 0:20:16]} 18. Nxa2
{[%clk 0:23:18]} Bxf2+ {[%clk 0:20:40]} 19. Rxf2 {[%clk 0:23:37]} Qa5 {[%clk
0:21:03]} 20. Qb1 {[%clk 0:23:42]} Ne5 {[%clk 0:15:38]} 21. Qxb2 {[%clk
0:21:55]} Bd7 {[%clk 0:15:35]} 22. Bf1 {[%clk 0:20:54]} Rc8 {[%clk 0:14:04]}
23. Nd3 {[%clk 0:17:37]} Nxd3 {[%clk 0:13:53]} 24. Bxd3 {[%clk 0:18:01]} Qe1+
{[%clk 0:12:39]} 25. Bf1 {[%clk 0:18:27]} h5 {[%clk 0:11:05]} 26. Qd2 {[%clk
0:17:05]} Qa1 {[%clk 0:09:07]} 27. Qb2 {[%clk 0:14:14]} Qe1 {[%clk 0:09:31]}
28. Re2 {[%clk 0:11:37]} Qa5 {[%clk 0:07:02]} 29. Qd2 {[%clk 0:11:35]} Qb6+
{[%clk 0:06:13]} 30. Qe3 {[%clk 0:12:01]} Qa5 {[%clk 0:05:52]} 31. Rb2 {[%clk
0:10:25]} h4 {[%clk 0:05:46]} 32. Nb4 {[%clk 0:06:13]} Qa1 {[%clk 0:05:33]} 33.
Qf2 {[%clk 0:06:22]} h3 {[%clk 0:04:15]} 34. g3 {[%clk 0:03:52]} Rc1 {[%clk
0:04:23]} 35. Nd3 {[%clk 0:04:19]} Rd1 {[%clk 0:04:30]} 36. Rd2 {[%clk
0:04:43]} Rb1 {[%clk 0:04:32]} 37. Rb2 {[%clk 0:02:18]} Rd1 {[%clk 0:04:52]}
38. Rd2 {[%clk 0:02:39]} Rb1 {[%clk 0:04:30]} 39. Rb2 {[%clk 0:00:34]} 1/2-1/2

[Event "DEM U18 2021"]
[Site "Willingen GER"]
[Date "2021.08.28"]
[Round "8"]
[White "Fromm, Marius"]
[Black "Geltz, Noah"]
[Result "1-0"]
[Termination "normal"]
[Board "6"]
[WhiteTitle "FM"]
[WhiteElo "2342"]
[BlackElo "2048"]
[WhiteClock "00:35:40"]
[BlackClock "00:09:50"]
[PlyCount "141"]
[WhiteFideId "12993190"]
[BlackFideId "16224256"]
[EventCountry "GER"]
[EventRounds "9"]
[EventType "swiss"]
[EventDate "2021.08.22"]

1. e4 {[%clk 1:30:58]} c5 2. Nf3 {[%clk 1:31:17]} Nc6 {[%clk 1:31:14]} 3. Bb5
{[%clk 1:31:43]} g6 {[%clk 1:31:26]} 4. Bxc6 {[%clk 1:32:08]} dxc6 {[%clk
1:31:49]} 5. d3 {[%clk 1:32:33]} Bg7 {[%clk 1:31:50]} 6. h3 {[%clk 1:32:58]}
Nf6 {[%clk 1:31:39]} 7. Nc3 {[%clk 1:33:18]} Nd7 {[%clk 1:31:18]} 8. Be3 {[%clk
1:33:28]} e5 {[%clk 1:29:51]} 9. Qd2 {[%clk 1:33:39]} h6 {[%clk 1:30:13]} 10.
O-O {[%clk 1:33:12]} b6 {[%clk 1:29:14]} 11. Nh2 {[%clk 1:33:10]} Nf8 {[%clk
1:28:50]} 12. f4 {[%clk 1:33:33]} exf4 {[%clk 1:28:51]} 13. Bxf4 {[%clk
1:33:59]} Ne6 {[%clk 1:28:05]} 14. Bg3 {[%clk 1:34:22]} Qg5 {[%clk 1:22:21]}
15. Qe1 {[%clk 1:34:44]} Nd4 {[%clk 1:21:12]} 16. Qf2 {[%clk 1:32:29]} O-O
{[%clk 1:16:12]} 17. Bf4 {[%clk 1:28:00]} Qe7 {[%clk 1:11:54]} 18. Rae1 {[%clk
1:28:11]} Be6 {[%clk 1:08:51]} 19. e5 Rad8 {[%clk 0:41:48]} 20. Ne4 {[%clk
1:21:45]} Rd5 {[%clk 0:36:52]} 21. g4 {[%clk 1:03:33]} Bd7 {[%clk 0:32:11]} 22.
c4 {[%clk 0:57:39]} Rxe5 {[%clk 0:31:23]} 23. Bxe5 {[%clk 0:55:25]} Qxe5 {[%clk
0:30:44]} 24. Nf6+ {[%clk 0:55:46]} Qxf6 {[%clk 0:31:06]} 25. Qxf6 {[%clk
0:56:12]} Bxf6 {[%clk 0:31:32]} 26. Rxf6 {[%clk 0:56:37]} Be6 {[%clk 0:31:09]}
27. Rf2 {[%clk 0:55:18]} Kg7 {[%clk 0:29:50]} 28. Nf3 {[%clk 0:55:16]} Nxf3+
{[%clk 0:29:00]} 29. Rxf3 {[%clk 0:55:40]} Rd8 {[%clk 0:28:32]} 30. Kf2 {[%clk
0:55:12]} Rh8 {[%clk 0:27:40]} 31. Kg3 {[%clk 0:52:43]} h5 {[%clk 0:27:23]} 32.
g5 {[%clk 0:50:26]} Rd8 {[%clk 0:26:29]} 33. b3 {[%clk 0:45:06]} Rd6 {[%clk
0:21:45]} 34. Rd1 {[%clk 0:42:23]} Bf5 {[%clk 0:21:05]} 35. Rf4 {[%clk
0:41:07]} Re6 {[%clk 0:20:22]} 36. Rd2 {[%clk 0:32:47]} Re1 {[%clk 0:18:03]}
37. h4 {[%clk 0:31:24]} Kf8 {[%clk 0:16:32]} 38. d4 {[%clk 0:30:10]} cxd4
{[%clk 0:16:43]} 39. Rfxd4 {[%clk 0:26:26]} Rh1 {[%clk 0:13:26]} 40. Rd8+
{[%clk 0:20:33]} Ke7 {[%clk 0:13:27]} 41. Ra8 {[%clk 0:20:53]} Rh3+ {[%clk
0:10:56]} 42. Kf2 {[%clk 0:20:48]} Rh2+ {[%clk 0:10:29]} 43. Ke1 {[%clk
0:19:06]} Rh1+ {[%clk 0:09:19]} 44. Ke2 {[%clk 0:18:58]} Rh2+ {[%clk 0:09:20]}
45. Ke3 {[%clk 0:18:56]} Rh3+ {[%clk 0:09:39]} 46. Kd4 {[%clk 0:16:48]} Ke6
{[%clk 0:06:55]} 47. c5 {[%clk 0:14:42]} Rxh4+ {[%clk 0:05:46]} 48. Kc3 {[%clk
0:15:08]} Ke5 {[%clk 0:05:33]} 49. Rxa7 {[%clk 0:14:20]} Rh3+ {[%clk 0:04:40]}
50. Kb2 {[%clk 0:14:39]} bxc5 {[%clk 0:04:39]} 51. Rxf7 {[%clk 0:13:50]} Rh1
{[%clk 0:03:35]} 52. a4 {[%clk 0:09:55]} h4 {[%clk 0:21:17]} 53. a5 {[%clk
0:40:18]} h3 {[%clk 0:21:02]} 54. Rh7 {[%clk 0:36:41]} c4 {[%clk 0:19:22]} 55.
bxc4 {[%clk 0:36:29]} Rb1+ {[%clk 0:18:31]} 56. Ka3 {[%clk 0:36:19]} Kf4 {[%clk
0:16:12]} 57. a6 {[%clk 0:36:13]} Rb6 {[%clk 0:16:06]} 58. a7 {[%clk 0:36:32]}
Ra6+ {[%clk 0:16:29]} 59. Kb3 {[%clk 0:36:18]} Be6 {[%clk 0:13:57]} 60. Rd8
{[%clk 0:35:59]} Kxg5 {[%clk 0:10:47]} 61. a8=Q {[%clk 0:36:20]} Rxa8 {[%clk
0:11:09]} 62. Rxa8 {[%clk 0:36:18]} Bg4 {[%clk 0:10:44]} 63. Kb4 {[%clk
0:36:31]} Bh5 {[%clk 0:10:43]} 64. Kc5 {[%clk 0:36:36]} Kf4 {[%clk 0:09:07]}
65. Ra1 {[%clk 0:36:14]} Kg3 {[%clk 0:08:46]} 66. Kxc6 {[%clk 0:35:38]} Bf3+
{[%clk 0:08:53]} 67. Kd6 {[%clk 0:36:04]} g5 {[%clk 0:08:51]} 68. Rg1+ {[%clk
0:35:01]} Bg2 {[%clk 0:09:00]} 69. Rxh3+ {[%clk 0:34:54]} Kxh3 {[%clk 0:09:24]}
70. Rxg2 {[%clk 0:35:13]} Kxg2 {[%clk 0:09:50]} 71. c5 {[%clk 0:35:40]} 1-0

[Event "DEM U18 2021"]
[Site "Willingen GER"]
[Date "2021.08.28"]
[Round "8"]
[White "Schmitt, Daniel"]
[Black "Stork, Oliver"]
[Result "0-1"]
[Termination "normal"]
[Board "7"]
[BlackTitle "FM"]
[WhiteElo "1966"]
[BlackElo "2365"]
[WhiteClock "00:20:30"]
[BlackClock "00:16:47"]
[PlyCount "46"]
[WhiteFideId "16279018"]
[BlackFideId "12955728"]
[EventCountry "GER"]
[EventRounds "9"]
[EventType "swiss"]
[EventDate "2021.08.22"]

1. e4 {[%clk 1:30:57]} c5 {[%clk 1:30:54]} 2. Nf3 {[%clk 1:31:21]} d6 {[%clk
1:31:18]} 3. d4 {[%clk 1:31:46]} cxd4 {[%clk 1:31:43]} 4. Nxd4 {[%clk 1:32:12]}
Nf6 {[%clk 1:32:06]} 5. Nc3 {[%clk 1:32:37]} Nc6 {[%clk 1:32:28]} 6. Bg5 {[%clk
1:33:00]} e6 {[%clk 1:32:51]} 7. Bb5 {[%clk 1:33:23]} Bd7 {[%clk 1:32:50]} 8.
Qd3 {[%clk 1:33:41]} Qb6 {[%clk 1:05:10]} 9. Nb3 {[%clk 1:25:57]} Be7 {[%clk
1:00:32]} 10. O-O {[%clk 1:18:26]} a6 {[%clk 0:58:41]} 11. Bxc6 {[%clk
1:17:57]} Bxc6 {[%clk 0:59:01]} 12. Kh1 {[%clk 1:15:22]} Nxe4 {[%clk 0:47:16]}
13. Bxe7 {[%clk 0:55:56]} Nxf2+ {[%clk 0:43:09]} 14. Rxf2 {[%clk 0:56:18]} Qxf2
{[%clk 0:43:34]} 15. Ne4 {[%clk 0:54:38]} Bxe4 {[%clk 0:39:19]} 16. Qxe4 {[%clk
0:54:54]} Kxe7 {[%clk 0:39:41]} 17. Qxb7+ {[%clk 0:43:26]} Kf6 {[%clk 0:40:05]}
18. Rd1 {[%clk 0:33:11]} g6 {[%clk 0:32:26]} 19. Nd2 {[%clk 0:27:48]} Kg7
{[%clk 0:21:52]} 20. Ne4 {[%clk 0:22:54]} Qe2 {[%clk 0:17:45]} 21. Nc3 {[%clk
0:22:15]} Rab8 {[%clk 0:16:16]} 22. Qe7 {[%clk 0:20:49]} Qe5 {[%clk 0:16:22]}
23. Rf1 {[%clk 0:20:30]} Rhf8 {[%clk 0:16:47]} 0-1

[Event "DEM U18 2021"]
[Site "Willingen GER"]
[Date "2021.08.28"]
[Round "8"]
[White "Nguyen, Alex Dac-Vuong"]
[Black "Zackrisson, Peter"]
[Result "1-0"]
[Termination "normal"]
[Board "8"]
[WhiteTitle "FM"]
[WhiteElo "2290"]
[BlackElo "1965"]
[WhiteClock "00:17:12"]
[BlackClock "00:29:01"]
[PlyCount "87"]
[WhiteFideId "12984388"]
[BlackFideId "16282078"]
[EventCountry "GER"]
[EventRounds "9"]
[EventType "swiss"]
[EventDate "2021.08.22"]

1. e4 {[%clk 1:30:55]} c5 {[%clk 1:30:53]} 2. Nc3 {[%clk 1:31:20]} d6 {[%clk
1:31:15]} 3. Nge2 {[%clk 1:31:36]} Nf6 {[%clk 1:31:17]} 4. g3 {[%clk 1:30:09]}
Nc6 {[%clk 1:31:14]} 5. Bg2 {[%clk 1:29:16]} g6 {[%clk 1:31:32]} 6. d4 {[%clk
1:20:53]} cxd4 {[%clk 1:31:03]} 7. Nxd4 {[%clk 1:21:03]} Nxd4 {[%clk 1:31:15]}
8. Qxd4 {[%clk 1:21:29]} Bg7 {[%clk 1:31:33]} 9. Bg5 {[%clk 1:12:26]} h6 {[%clk
1:27:41]} 10. Be3 {[%clk 1:12:22]} O-O {[%clk 1:27:17]} 11. Qd2 {[%clk
1:11:53]} Kh7 {[%clk 1:19:20]} 12. O-O {[%clk 1:11:52]} Bd7 {[%clk 1:16:20]}
13. Rad1 {[%clk 1:04:43]} Bc6 {[%clk 1:12:04]} 14. Rfe1 {[%clk 0:50:09]} Qd7
{[%clk 1:08:35]} 15. Nd5 {[%clk 0:49:29]} Rfd8 {[%clk 1:05:30]} 16. c4 {[%clk
0:39:54]} Bxd5 {[%clk 0:47:44]} 17. exd5 {[%clk 0:39:30]} Rdc8 {[%clk 0:42:09]}
18. Qe2 {[%clk 0:36:54]} Qg4 {[%clk 0:38:18]} 19. b3 {[%clk 0:36:52]} Qxe2
{[%clk 0:37:57]} 20. Rxe2 {[%clk 0:37:20]} Kg8 {[%clk 0:37:59]} 21. Rde1 {[%clk
0:34:34]} Kf8 {[%clk 0:37:18]} 22. Bd2 {[%clk 0:31:22]} Ng8 {[%clk 0:31:44]}
23. Be4 {[%clk 0:27:53]} Nf6 {[%clk 0:25:50]} 24. Bd3 {[%clk 0:25:41]} Nd7
{[%clk 0:25:28]} 25. f4 {[%clk 0:25:00]} Bf6 {[%clk 0:25:12]} 26. Kf2 {[%clk
0:24:51]} Rab8 {[%clk 0:23:55]} 27. Rc1 {[%clk 0:20:43]} a6 {[%clk 0:14:58]}
28. Ree1 {[%clk 0:18:26]} b5 {[%clk 0:14:07]} 29. cxb5 {[%clk 0:18:05]} Rxc1
{[%clk 0:14:22]} 30. Rxc1 {[%clk 0:18:33]} axb5 {[%clk 0:14:39]} 31. b4 {[%clk
0:17:27]} Nb6 {[%clk 0:12:40]} 32. Bxb5 {[%clk 0:17:26]} Ra8 {[%clk 0:11:32]}
33. Rc2 {[%clk 0:16:44]} Ra3 {[%clk 0:10:04]} 34. Bc6 {[%clk 0:12:50]} Bd4+
{[%clk 0:10:20]} 35. Ke2 {[%clk 0:13:13]} e6 {[%clk 0:09:58]} 36. Bc1 {[%clk
0:12:09]} Ra7 {[%clk 0:08:26]} 37. Kd3 {[%clk 0:10:17]} e5 {[%clk 0:08:44]} 38.
fxe5 {[%clk 0:02:46]} dxe5 {[%clk 0:08:46]} 39. d6 {[%clk 0:02:10]} f5 {[%clk
0:08:57]} 40. a4 {[%clk 0:01:22]} Nxa4 {[%clk 0:07:54]} 41. Ra2 {[%clk
0:23:41]} Nb2+ {[%clk 0:28:28]} 42. Rxb2 {[%clk 0:23:48]} Ra3+ {[%clk 0:28:52]}
43. Ke2 {[%clk 0:18:39]} f4 {[%clk 0:29:01]} 44. Rc2 {[%clk 0:17:12]} 1-0

[Event "DEM U18 2021"]
[Site "Willingen GER"]
[Date "2021.08.28"]
[Round "8"]
[White "Popist, Florian"]
[Black "Boder, Jan"]
[Result "1-0"]
[Termination "normal"]
[Board "9"]
[WhiteElo "2077"]
[BlackElo "2146"]
[WhiteClock "00:30:31"]
[BlackClock "00:02:39"]
[PlyCount "53"]
[WhiteFideId "16203518"]
[BlackFideId "16243226"]
[EventCountry "GER"]
[EventRounds "9"]
[EventType "swiss"]
[EventDate "2021.08.22"]

1. e4 {[%clk 1:30:57]} e5 {[%clk 1:30:52]} 2. Nf3 {[%clk 1:31:18]} Nc6 {[%clk
1:31:18]} 3. d4 {[%clk 1:31:08]} exd4 {[%clk 1:31:40]} 4. Nxd4 {[%clk 1:31:28]}
Nf6 {[%clk 1:31:49]} 5. Nxc6 {[%clk 1:30:56]} bxc6 {[%clk 1:31:45]} 6. Bd3
{[%clk 1:29:04]} d5 {[%clk 1:24:23]} 7. e5 {[%clk 1:20:48]} Nd7 {[%clk
1:20:31]} 8. O-O {[%clk 1:18:59]} Nc5 {[%clk 1:20:15]} 9. Nc3 {[%clk 1:15:38]}
Be7 {[%clk 1:15:32]} 10. f4 {[%clk 1:10:37]} Nxd3 {[%clk 1:11:26]} 11. Qxd3
{[%clk 1:08:19]} g6 {[%clk 1:03:59]} 12. Be3 {[%clk 1:04:02]} Bf5 {[%clk
0:55:41]} 13. Qd2 {[%clk 1:02:21]} f6 {[%clk 0:54:16]} 14. Na4 {[%clk 0:59:27]}
O-O {[%clk 0:52:57]} 15. c3 {[%clk 0:50:36]} Re8 {[%clk 0:49:56]} 16. Rae1
{[%clk 0:45:07]} Qb8 {[%clk 0:36:26]} 17. Nc5 {[%clk 0:39:13]} fxe5 {[%clk
0:29:15]} 18. fxe5 {[%clk 0:39:32]} Bxc5 {[%clk 0:29:33]} 19. Bxc5 {[%clk
0:39:55]} Qb5 {[%clk 0:29:55]} 20. b4 {[%clk 0:38:17]} Be6 {[%clk 0:13:06]} 21.
Qh6 {[%clk 0:33:47]} Qb8 {[%clk 0:06:34]} 22. Rf6 {[%clk 0:32:27]} Qc8 {[%clk
0:06:51]} 23. Ref1 {[%clk 0:31:52]} a5 {[%clk 0:05:38]} 24. R1f4 {[%clk
0:30:40]} Bf5 {[%clk 0:05:15]} 25. R6xf5 {[%clk 0:30:31]} gxf5 {[%clk 0:05:20]}
26. Qg5+ {[%clk 0:30:09]} Kh8 {[%clk 0:02:39]} 27. e6 {[%clk 0:30:31]} 1-0

[Event "DEM U18 2021"]
[Site "Willingen GER"]
[Date "2021.08.28"]
[Round "8"]
[White "Biermann, Lenhard"]
[Black "Post, Hugo"]
[Result "1-0"]
[Termination "normal"]
[Board "10"]
[WhiteElo "2160"]
[BlackElo "2245"]
[WhiteClock "00:22:52"]
[BlackClock "00:26:26"]
[PlyCount "91"]
[WhiteFideId "12970077"]
[BlackFideId "12962490"]
[EventCountry "GER"]
[EventRounds "9"]
[EventType "swiss"]
[EventDate "2021.08.22"]

1. d4 {[%clk 1:30:57]} Nf6 {[%clk 1:30:53]} 2. Nf3 {[%clk 1:31:22]} g6 {[%clk
1:31:09]} 3. c4 {[%clk 1:30:31]} Bg7 {[%clk 1:31:33]} 4. e3 {[%clk 1:30:52]}
O-O {[%clk 1:31:56]} 5. Be2 {[%clk 1:31:05]} b6 {[%clk 1:32:17]} 6. O-O {[%clk
1:31:24]} Bb7 {[%clk 1:32:43]} 7. Nc3 {[%clk 1:31:02]} e6 {[%clk 1:32:52]} 8.
b3 {[%clk 1:28:47]} c5 {[%clk 1:32:26]} 9. Bb2 {[%clk 1:28:44]} Qe7 {[%clk
1:32:43]} 10. Qd2 {[%clk 1:24:39]} Rd8 {[%clk 1:31:30]} 11. dxc5 {[%clk
1:14:54]} bxc5 {[%clk 1:31:52]} 12. Rfd1 {[%clk 1:13:22]} d5 {[%clk 1:30:45]}
13. cxd5 {[%clk 1:12:28]} exd5 {[%clk 1:31:02]} 14. Qe1 {[%clk 1:04:36]} Nbd7
{[%clk 1:29:20]} 15. Rac1 {[%clk 1:03:11]} Rac8 {[%clk 1:20:40]} 16. Ba3 {[%clk
0:51:08]} Bh6 {[%clk 1:15:41]} 17. Rc2 {[%clk 0:42:57]} Nb6 {[%clk 1:11:08]}
18. Nb5 {[%clk 0:32:23]} Ba8 {[%clk 0:48:42]} 19. Rdc1 {[%clk 0:27:11]} Ne4
{[%clk 0:39:01]} 20. Bd3 {[%clk 0:24:56]} a6 {[%clk 0:27:04]} 21. Nc3 {[%clk
0:24:18]} Bb7 {[%clk 0:20:43]} 22. Bxe4 {[%clk 0:13:53]} dxe4 {[%clk 0:21:12]}
23. Nd2 {[%clk 0:14:13]} Bf8 {[%clk 0:21:17]} 24. Qe2 {[%clk 0:13:09]} Qe6
{[%clk 0:18:29]} 25. Nd1 {[%clk 0:12:12]} Rd5 {[%clk 0:16:32]} 26. Nc4 {[%clk
0:10:15]} Rh5 {[%clk 0:15:39]} 27. Nxb6 {[%clk 0:09:27]} Qxb6 {[%clk 0:16:08]}
28. Nb2 {[%clk 0:05:29]} Bd6 {[%clk 0:15:10]} 29. h3 {[%clk 0:04:50]} Bb8
{[%clk 0:14:42]} 30. Qf1 {[%clk 0:04:07]} Qd6 {[%clk 0:14:07]} 31. g3 {[%clk
0:04:26]} Rc6 {[%clk 0:12:00]} 32. Rd1 {[%clk 0:04:09]} Qf6 {[%clk 0:11:33]}
33. Nc4 {[%clk 0:04:05]} Bc8 {[%clk 0:11:38]} 34. Bb2 {[%clk 0:03:49]} Qe7
{[%clk 0:10:52]} 35. Rcd2 {[%clk 0:04:04]} Bc7 {[%clk 0:08:55]} 36. Qg2 {[%clk
0:04:13]} f6 {[%clk 0:07:55]} 37. g4 {[%clk 0:01:48]} Rg5 {[%clk 0:07:54]} 38.
f4 {[%clk 0:00:54]} exf3 {[%clk 0:07:41]} 39. Qxf3 {[%clk 0:01:19]} Qe6 {[%clk
0:03:36]} 40. Rg2 {[%clk 0:00:39]} a5 {[%clk 0:00:49]} 41. Rf1 {[%clk 0:26:18]}
Kf7 {[%clk 0:27:19]} 42. Bxf6 {[%clk 0:22:24]} Rf5 {[%clk 0:26:17]} 43. gxf5
{[%clk 0:22:24]} Qxf6 {[%clk 0:25:50]} 44. fxg6+ {[%clk 0:22:18]} Ke7 {[%clk
0:26:02]} 45. Qxf6+ {[%clk 0:22:30]} Rxf6 {[%clk 0:26:26]} 46. Rxf6 {[%clk
0:22:52]} 1-0